[Event "Foothills Classic"]
[Site "Hinton CAN"]
[Date "1998.02.28"]
[Round "1"]
[White "Martin, Keith"]
[Black "Quiring, John"]
[Result "1-0"]
[WhiteElo "1434"]
[BlackElo "2012"]
[PlyCount "79"]
[GameId "2160767911873845"]
[EventDate "1998.02.28"]
[EventType "swiss"]
[EventRounds "4"]
[EventCountry "CAN"]
[SourceTitle "CFC 1998.04"]

1. e4 d6 2. d4 Nf6 3. Nc3 g6 4. Nf3 Bg7 5. h3 c6 6. Bc4 b5 7. Bd3 O-O 8. O-O Nbd7 9. Re1 Nb6 10. e5 Ne8 11. Bg5 dxe5 12. dxe5 Nc7 13. Qd2 Bb7 14. Bh6 Ncd5 15. Ne4 Rc8 16. h4 Qc7 17. h5 Nd7 18. e6 N7f6 19. exf7+ Rxf7 20. hxg6 hxg6 21. Bxg7 Rxg7 22. Neg5 Qf4 23. Qa5 Qg4 24. Qxa7 Ba8 25. a3 Nf4 26. g3 N6d5 27. c4 Nxd3 28. cxd5 Nxe1 29. Rxe1 e6 30. Qc5 exd5 31. Re7 Rxe7 32. Qxe7 Qf5 33. Qh7+ Kf8 34. Nd4 Qf6 35. Qd7 Kg8 36. Qxc8+ Qf8 37. Qe6+ Kg7 38. Qd7+ Kh6 39. Qh7+ Kxg5 40. Ne6+ 1-0

[Event "Foothills Classic"]
[Site "Hinton CAN"]
[Date "1998.02.28"]
[Round "1"]
[White "Yearwood, Roy"]
[Black "Rajski, Piotr"]
[Result "1-0"]
[WhiteElo "2275"]
[BlackElo "1703"]
[PlyCount "83"]
[GameId "2160767911873846"]
[EventDate "1998.02.28"]
[EventType "swiss"]
[EventRounds "4"]
[EventCountry "CAN"]
[SourceTitle "CFC 1998.04"]

1. e4 c5 2. d4 cxd4 3. c3 Nf6 4. e5 Nd5 5. Nf3 Nc6 6. cxd4 d6 7. Bc4 Nb6 8. Bb3 Bg4 9. Bxf7+ Kxf7 10. Ng5+ Ke8 11. Qxg4 dxe5 12. O-O Nxd4 13. Nc3 Qd7 14. Qe4 Nc6 15. Rd1 Qc7 16. Nxh7 Nd7 17. Ng5 Rh6 18. Nf3 Rd6 19. Be3 Qa5 20. Ng5 Nc5 21. Bxc5 Qxc5 22. Rxd6 exd6 23. Ne6 Qa5 24. Nd5 Rc8 25. b4 Qa3 26. Nxf8 Ne7 27. h4 Nxd5 28. Qxd5 Rc1+ 29. Kh2 Rxa1 30. Ng6 Qxb4 31. Qg8+ Kd7 32. Qxg7+ Kc6 33. h5 Rxa2 34. Qf6 Qd4 35. f3 Kc5 36. h6 Qf2 37. Nh4 Ra4 38. Nf5 Ra2 39. Qxd6+ Kc4 40. Qe6+ Kd3 41. Qd5+ Ke2 42. Qxa2+ 1-0

[Event "Fredericton Pre Victoria Day"]
[Site "Fredericton CAN"]
[Date "1998.05.16"]
[Round "3"]
[White "Hensel, George"]
[Black "Laverty, Guario"]
[Result "0-1"]
[WhiteElo "1776"]
[BlackElo "1627"]
[PlyCount "90"]
[GameId "2160767911872993"]
[EventDate "1998.05.16"]
[EventType "swiss"]
[EventRounds "5"]
[EventCountry "CAN"]

1. d4 Nf6 2. c4 e6 3. Nc3 d5 4. Bg5 Be7 5. e3 O-O 6. Nf3 b6 7. Be2 h6 8. Bh4 Bb7 9. O-O c6 10. cxd5 exd5 11. Rc1 Nbd7 12. Bd3 Re8 13. Bb1 Nh7 14. Bg3 Ng5 15. Nd2 Ne6 16. f4 Bh4 17. Ne2 c5 18. Qe1 Bxg3 19. Qxg3 cxd4 20. exd4 Ba6 21. Bd3 Bxd3 22. Qxd3 Nf6 23. Nf3 Ne4 24. Rc2 Qf6 25. Ne5 Nd6 26. Rc6 Nf5 27. g4 Ne7 28. Rd6 Red8 29. Rxd8+ Rxd8 30. h3 Nc7 31. Rc1 Qd6 32. f5 f6 33. Nf3 Rc8 34. Kg2 Nc6 35. a3 Na5 36. Nc3 Re8 37. Rc2 Nc4 38. Nxd5 Nxd5 39. Qxc4 Kf8 40. Kf2 Ne3 41. Qc7 Qd5 42. Rd2 Qe4 43. Qc1 h5 44. Qg1 hxg4 45. Nh4 Qf4+ 0-1

[Event "Hinton CC ch"]
[Site "Hinton CAN"]
[Date "1998.??.??"]
[Round "?"]
[White "Goude, Brian"]
[Black "Rajski, Piotr"]
[Result "0-1"]
[WhiteElo "1894"]
[BlackElo "1703"]
[PlyCount "60"]
[GameId "2160767911874162"]
[EventDate "1998.??.??"]
[EventType "swiss"]
[EventRounds "5"]
[EventCountry "CAN"]
[SourceTitle "CFC 1998.10"]
[Source "CFC"]
[SourceDate "1998.09.30"]
[SourceVersion "1"]
[SourceVersionDate "1998.09.30"]
[SourceQuality "1"]

1. e4 d5 2. exd5 Nf6 3. d4 Bg4 4. Be2 Bxe2 5. Nxe2 Qxd5 6. Nf4 Qf5 7. Nc3 Nc6 8. f3 Nb4 9. Nd3 Nxd3+ 10. cxd3 O-O-O 11. Be3 Nd5 12. Nxd5 Rxd5 13. g4 Qe6 14. Qd2 g6 15. Rc1 Bg7 16. O-O Bxd4 17. Bxd4 Rxd4 18. Qc3 Qb6 19. Kg2 Rhd8 20. Qa3 e6 21. Rc3 a6 22. Rfc1 R4d7 23. b4 c6 24. Qb3 Rd4 25. a3 R8d5 26. Qc2 Qd8 27. Rd1 Kc7 28. Qb3 Qd6 29. Qb1 h5 30. h3 h4 0-1

[Event "Hull CC"]
[Site "Hull CAN"]
[Date "1998.??.??"]
[Round "?"]
[White "Charbonneau, Alain"]
[Black "Cote, Jacques"]
[Result "1/2-1/2"]
[WhiteElo "2029"]
[BlackElo "2232"]
[PlyCount "52"]
[GameId "2160767911874163"]
[EventDate "1998.??.??"]
[EventType "tourn"]
[EventRounds "5"]
[EventCountry "CAN"]
[SourceTitle "CFC 1998.06"]

1. Nf3 f5 2. c4 Nf6 3. g3 g6 4. Bg2 Bg7 5. d4 O-O 6. O-O d6 7. Nc3 c6 8. Re1 Na6 9. e4 fxe4 10. Nxe4 Nxe4 11. Rxe4 Bf5 12. Rh4 Nb4 13. Bh6 Bxh6 14. Rxh6 Kg7 15. Qd2 e5 16. Rh4 g5 17. Nxg5 Qf6 18. dxe5 dxe5 19. Qxb4 Qxg5 20. Qxb7+ Kh8 21. Qxc6 Rac8 22. Qd5 Rfe8 23. Be4 Rcd8 24. Qb7 Re7 25. Qc6 Rd4 26. Re1 h5 1/2-1/2

[Event "Hull CC ch"]
[Site "Hull CAN"]
[Date "1998.04.07"]
[Round "4"]
[White "Cote, Jacques"]
[Black "Groleau, Gilles"]
[Result "1/2-1/2"]
[WhiteElo "2111"]
[BlackElo "1926"]
[PlyCount "71"]
[GameId "2160767911873622"]
[EventDate "1998.04.05"]
[EventType "tourn"]
[EventRounds "5"]
[EventCountry "CAN"]
[SourceTitle "Echec+ 1998.07"]

1. e4 c5 2. Nf3 e6 3. d4 cxd4 4. Nxd4 Nf6 5. Nc3 d6 6. g4 h6 7. g5 hxg5 8. Bxg5 Nc6 9. Be2 Qa5 10. Bxf6 gxf6 11. Ndb5 Qd8 12. Qd2 a6 13. Na3 b5 14. Nd1 Bb7 15. Ne3 Qc7 16. O-O-O O-O-O 17. f4 Qa5 18. Ng4 Be7 19. Bf3 Qxd2+ 20. Rxd2 Rh4 21. f5 Ne5 22. Nxe5 dxe5 23. fxe6 fxe6 24. Re2 f5 25. Rg1 Rdh8 26. c4 Bxa3 27. bxa3 Bxe4 28. Bxe4 Rxe4 29. Rxe4 fxe4 30. Rg5 Rxh2 31. cxb5 axb5 32. Rxe5 Rxa2 33. Rxe6 Rxa3 34. Rxe4 Kc7 35. Kb2 Rh3 36. Re6 1/2-1/2

[Event "Hull CC ch"]
[Site "Hull CAN"]
[Date "1998.04.07"]
[Round "5"]
[White "Groleau, Gilles"]
[Black "Duquette, Patrick"]
[Result "1/2-1/2"]
[WhiteElo "1926"]
[BlackElo "1752"]
[PlyCount "75"]
[GameId "2160767911873623"]
[EventDate "1998.04.05"]
[EventType "tourn"]
[EventRounds "5"]
[EventCountry "CAN"]
[SourceTitle "Echec+ 1998.07"]

1. e4 c5 2. Nf3 d6 3. d4 cxd4 4. Nxd4 Nf6 5. Nc3 a6 6. Bc4 e6 7. a3 b5 8. Ba2 Be7 9. O-O O-O 10. f4 Bb7 11. f5 e5 12. Nde2 Nxe4 13. Nxe4 Bxe4 14. Ng3 Bb7 15. f6 Bxf6 16. Nh5 Be4 17. Qg4 Bg6 18. Nxf6+ gxf6 19. Bh6 Re8 20. h4 Qc8 21. Qf3 Nd7 22. h5 e4 23. Qg3 Qc5+ 24. Be3 Qxh5 25. Qxd6 Ne5 26. Qxf6 Ng4 27. Qf4 Nxe3 28. Qxe3 Qe5 29. c3 Rad8 30. Rae1 Kg7 31. Re2 Rd3 32. Qa7 Qh5 33. Ref2 Rf8 34. Qxa6 e3 35. Qf6+ Kg8 36. Rf3 e2 37. Re1 Rd1 38. Kf2 1/2-1/2

[Event "Jonquiere op"]
[Site "Jonquiere CAN"]
[Date "1998.10.18"]
[Round "3"]
[White "Larochelle, Martial"]
[Black "Fortier, Marc-Andre"]
[Result "0-1"]
[WhiteElo "2100"]
[BlackElo "2040"]
[PlyCount "52"]
[GameId "2160767911806230"]
[EventDate "1998.10.17"]
[EventType "swiss"]
[EventRounds "5"]
[EventCountry "CAN"]
[SourceTitle "Echec+ 1999.01"]

1. e4 c5 2. Nf3 d6 3. d4 cxd4 4. Nxd4 Nf6 5. Nc3 g6 6. Be3 Bg7 7. f3 Nc6 8. Qd2 Bd7 9. O-O-O h5 10. Bc4 Rc8 11. Bb3 Qa5 12. Kb1 Ne5 13. h3 h4 14. Rhe1 Rh5 15. Nde2 Nc4 16. Bxc4 Rxc4 17. Bd4 Be6 18. Bxf6 Bxf6 19. Nd5 Rxd5 20. exd5 Qb5 21. c3 Bf5+ 22. Kc1 Qa4 23. b3 Qa3+ 24. Qb2 Bg5+ 25. f4 Bxf4+ 26. Nxf4 Rxc3+ 0-1

[Event "Kelowna Summer Fest"]
[Site "Kelowna CAN"]
[Date "1998.08.09"]
[Round "1"]
[White "Moore, David"]
[Black "Stockhausen, Peter"]
[Result "1-0"]
[WhiteElo "2004"]
[BlackElo "1683"]
[PlyCount "42"]
[GameId "2160767911806520"]
[EventDate "1998.08.09"]
[EventType "swiss"]
[EventRounds "5"]
[EventCountry "CAN"]

1. e4 c6 2. d4 d5 3. e5 Bf5 4. Nf3 e6 5. Be2 c5 6. O-O Nc6 7. Re1 Nge7 8. c3 Ng6 9. Nbd2 cxd4 10. Nxd4 Nxd4 11. cxd4 Qa5 12. Nb3 Qb6 13. Bd2 Bb4 14. Bxb4 Qxb4 15. g4 Be4 16. f3 f5 17. fxe4 fxe4 18. Nc5 Ke7 19. a3 Qb6 20. Qd2 Nxe5 21. Qg5+ Kd6 1-0

[Event "Kent Oliver mem"]
[Site "Winnipeg CAN"]
[Date "1998.01.02"]
[Round "1"]
[White "Agusti, Marcos"]
[Black "Gustafson, Dale"]
[Result "1-0"]
[WhiteElo "1604"]
[BlackElo "2031"]
[PlyCount "95"]
[GameId "2160767911874095"]
[EventDate "1998.01.02"]
[EventType "swiss"]
[EventRounds "5"]
[EventCountry "CAN"]

1. d4 Nf6 2. c4 c5 3. d5 b5 4. e3 g6 5. Nc3 b4 6. Na4 d6 7. b3 Bg7 8. Rb1 O-O 9. Bd3 Bd7 10. Nb2 e5 11. e4 h6 12. Ne2 Nh5 13. O-O f5 14. Ng3 Nf4 15. exf5 Nxd3 16. Nxd3 Bxf5 17. Nxf5 gxf5 18. Qh5 f4 19. f3 Nd7 20. Qg6 Rf6 21. Qe4 Qe8 22. Nf2 h5 23. Bd2 Qf7 24. Qe2 Rg6 25. Ne4 Rd8 26. Be1 Bf8 27. Ra1 Be7 28. a3 a5 29. axb4 axb4 30. Kh1 Kh8 31. Ra7 Qf5 32. Bf2 Rdg8 33. Rg1 h4 34. h3 Bf8 35. Be1 R6g7 36. Kh2 Be7 37. Ra6 Rg6 38. Ra7 R8g7 39. Ra2 Nf6 40. Bxh4 Nxd5 41. cxd5 Bxh4 42. Ra6 Bg3+ 43. Kh1 Rh6 44. Qf1 Qf8 45. Qa1 Rg8 46. Nxd6 Bf2 47. Qxe5+ Rg7 48. Nf7+ 1-0

[Event "Kent Oliver mem"]
[Site "Winnipeg CAN"]
[Date "1998.01.02"]
[Round "1"]
[White "Charter, Bennet"]
[Black "Hassain, Mahmud"]
[Result "0-1"]
[WhiteElo "1281"]
[BlackElo "1903"]
[PlyCount "98"]
[GameId "2160767911874096"]
[EventDate "1998.01.02"]
[EventType "swiss"]
[EventRounds "5"]
[EventCountry "CAN"]

1. e4 c5 2. Nf3 d6 3. d4 cxd4 4. Nxd4 Nf6 5. Nc3 g6 6. f4 Bg7 7. b3 O-O 8. Bb2 Nc6 9. Nxc6 bxc6 10. Bd3 Qb6 11. Qd2 Ng4 12. Bc1 Qf2+ 13. Qxf2 Nxf2 14. Kxf2 Bxc3 15. Rb1 a5 16. a4 e5 17. fxe5 Bxe5 18. Rf1 f5 19. Kg1 Be6 20. Be3 f4 21. Bd2 g5 22. g3 Bh3 23. Rfd1 Bd4+ 24. Kh1 f3 25. Bf1 Bxf1 26. Rxf1 g4 27. Bf4 Rf6 28. Rbd1 Bc5 29. e5 Rxf4 30. gxf4 d5 31. h3 h5 32. Kh2 Kf7 33. Kg3 Rg8 34. Kh4 Be7+ 35. Kxh5 g3 36. Rxf3 g2 37. f5 g1=Q 38. Rxg1 Rxg1 39. f6 Bf8 40. Kh4 Re1 41. Rf5 Re2 42. c4 d4 43. Kg5 Ke6 44. Kg4 Rg2+ 45. Kf3 Rb2 46. Ke4 c5 47. f7 Re2+ 48. Kf3 Re3+ 49. Kg4 d3 0-1

[Event "Kent Oliver mem"]
[Site "Winnipeg CAN"]
[Date "1998.01.02"]
[Round "1"]
[White "Cleto, Sam"]
[Black "Matwychuk, Norman"]
[Result "1/2-1/2"]
[WhiteElo "1917"]
[BlackElo "1329"]
[PlyCount "90"]
[GameId "2160767911874097"]
[EventDate "1998.01.02"]
[EventType "swiss"]
[EventRounds "5"]
[EventCountry "CAN"]

1. d4 Nf6 2. c4 e6 3. Nf3 Bb4+ 4. Bd2 Bxd2+ 5. Nbxd2 b6 6. e4 d6 7. Bd3 Bb7 8. O-O Nbd7 9. b4 c5 10. bxc5 bxc5 11. d5 e5 12. Rb1 Nb6 13. a4 a5 14. Qb3 Nfd7 15. Rfe1 O-O 16. Nf1 Ra6 17. Ne3 g6 18. Bf1 Nf6 19. Qc2 Bc8 20. h3 Bd7 21. Rb5 Bxb5 22. cxb5 Ra7 23. Nc4 Nxc4 24. Bxc4 Nd7 25. Qd2 Kg7 26. Rb1 h6 27. Nh2 f5 28. exf5 Rxf5 29. Bd3 Rf7 30. Ng4 Qg5 31. Qb2 Nb6 32. Qa2 h5 33. Ne3 Rf6 34. Qd2 Raf7 35. Rf1 Rf3 36. h4 Qxh4 37. gxf3 Qg5+ 38. Kh2 Rxf3 39. Rh1 Kh7 40. Qe2 Rf4 41. Ng2 Rxa4 42. f4 exf4 43. Qe6 Nxd5 44. Qf7+ Kh8 45. Qf8+ Kh7 1/2-1/2

[Event "Kent Oliver mem"]
[Site "Winnipeg CAN"]
[Date "1998.01.02"]
[Round "1"]
[White "Gentes, Kevin"]
[Black "Wierda, John"]
[Result "1-0"]
[WhiteElo "2368"]
[BlackElo "1783"]
[PlyCount "51"]
[GameId "2160767911874098"]
[EventDate "1998.01.02"]
[EventType "swiss"]
[EventRounds "5"]
[EventCountry "CAN"]

1. d4 Nf6 2. c4 e6 3. g3 Bb4+ 4. Bd2 Be7 5. Bg2 c6 6. Nc3 d5 7. Nf3 O-O 8. O-O Nbd7 9. a4 Nb6 10. b3 dxc4 11. a5 cxb3 12. axb6 Qxb6 13. Rb1 Qc7 14. Qxb3 Nd7 15. Rfc1 a6 16. Bf4 Bd6 17. Bxd6 Qxd6 18. Ne4 Qc7 19. Nc5 Rb8 20. Ng5 Re8 21. Qd3 Nf6 22. Nce4 Nxe4 23. Qxe4 g6 24. Qh4 f5 25. Rxc6 Qe7 26. Rxa6 1-0

[Event "Kent Oliver mem"]
[Site "Winnipeg CAN"]
[Date "1998.01.02"]
[Round "1"]
[White "Kaptsan, Aron"]
[Black "Taylor, Gordon2"]
[Result "1-0"]
[WhiteElo "2255"]
[BlackElo "1635"]
[PlyCount "35"]
[GameId "2160767911874099"]
[EventDate "1998.01.02"]
[EventType "swiss"]
[EventRounds "5"]
[EventCountry "CAN"]

1. d4 d5 2. c4 dxc4 3. e4 e6 4. Bxc4 Nf6 5. Nc3 c5 6. Nf3 Nc6 7. d5 exd5 8. exd5 Qe7+ 9. Be3 Ne5 10. O-O Nxc4 11. Qa4+ Qd7 12. Qxc4 b6 13. Rfe1 Be7 14. Ne5 Qf5 15. Nc6 Nxd5 16. Qxd5 Be6 17. Qxf5 Bxf5 18. Bg5 1-0

[Event "Kent Oliver mem"]
[Site "Winnipeg CAN"]
[Date "1998.01.02"]
[Round "1"]
[White "Milord, Frank"]
[Black "Babb, Jeff"]
[Result "0-1"]
[WhiteElo "1739"]
[BlackElo "2257"]
[PlyCount "58"]
[GameId "2160767911874100"]
[EventDate "1998.01.02"]
[EventType "swiss"]
[EventRounds "5"]
[EventCountry "CAN"]

1. e4 e5 2. Nf3 Nc6 3. Bc4 Bc5 4. c3 Nf6 5. d3 d6 6. h3 O-O 7. O-O Bb6 8. Bb3 Be6 9. Re1 Qd7 10. Nbd2 Rad8 11. Nf1 Bxb3 12. axb3 d5 13. Bg5 dxe4 14. Bxf6 exf3 15. Bxd8 fxg2 16. Kxg2 Rxd8 17. Ng3 Qd5+ 18. Kg1 Qxd3 19. Qxd3 Rxd3 20. Kg2 Rd2 21. Re2 Rxe2 22. Nxe2 f5 23. Rd1 Kf7 24. Rd7+ Ne7 25. f4 Ke6 26. Rd1 e4 27. Nd4+ Kf6 28. b4 Nd5 29. Kg3 Ne3 0-1

[Event "Kent Oliver mem"]
[Site "Winnipeg CAN"]
[Date "1998.01.03"]
[Round "2"]
[White "Babb, Jeff"]
[Black "Schulz, Manfred"]
[Result "1-0"]
[WhiteElo "2257"]
[BlackElo "2011"]
[PlyCount "109"]
[GameId "2160767911874101"]
[EventDate "1998.01.02"]
[EventType "swiss"]
[EventRounds "5"]
[EventCountry "CAN"]

1. e4 c6 2. d3 d5 3. Nd2 e5 4. Ngf3 Bd6 5. g3 Nf6 6. Bg2 O-O 7. O-O Re8 8. b3 Nbd7 9. Bb2 a5 10. a4 Qc7 11. Re1 Nf8 12. h3 Ng6 13. c3 h6 14. Qc2 Be6 15. c4 b6 16. cxd5 cxd5 17. Qxc7 Bxc7 18. Rac1 Rac8 19. exd5 Bxd5 20. Nxe5 Bxe5 21. Rxc8 Rxc8 22. Bxe5 Re8 23. f4 Bxg2 24. Kxg2 Nd7 25. Nc4 Ngxe5 26. fxe5 Nc5 27. Nxb6 Nxd3 28. Re3 Nc5 29. Nc4 Re6 30. Nxa5 f6 31. Nc4 fxe5 32. a5 e4 33. b4 Nd7 34. b5 Nc5 35. a6 Re8 36. Nd6 Ra8 37. Rc3 Nxa6 38. bxa6 Rxa6 39. Nxe4 Ra2+ 40. Kf3 Kh7 41. h4 Ra7 42. Rc6 Rf7+ 43. Ke3 Re7 44. Kf4 Rf7+ 45. Ke5 Re7+ 46. Re6 Rd7 47. Nd6 Ra7 48. Nf5 Ra5+ 49. Kf4 Ra4+ 50. Re4 g5+ 51. hxg5 hxg5+ 52. Kf3 Ra3+ 53. Kg4 Kg6 54. Re6+ Kf7 55. Rb6 1-0

[Event "Kent Oliver mem"]
[Site "Winnipeg CAN"]
[Date "1998.01.03"]
[Round "2"]
[White "Gustafson, Dale"]
[Black "Gushuliak, Justin"]
[Result "0-1"]
[WhiteElo "2031"]
[BlackElo "1604"]
[PlyCount "62"]
[GameId "2160767911874102"]
[EventDate "1998.01.02"]
[EventType "swiss"]
[EventRounds "5"]
[EventCountry "CAN"]

1. e4 c5 2. Nf3 d6 3. Bc4 Nf6 4. Nc3 g6 5. d3 Bg7 6. h3 O-O 7. Be3 Nc6 8. Qd2 Bd7 9. Bh6 Na5 10. Bb3 b5 11. Bxg7 Kxg7 12. a3 Nxb3 13. cxb3 a5 14. O-O b4 15. Ne2 Qb6 16. a4 e5 17. Ng3 Rad8 18. Nh4 h6 19. Kh1 Be6 20. f4 Nh7 21. Qd1 exf4 22. Rxf4 Ng5 23. Qc2 Qc7 24. Raf1 d5 25. d4 dxe4 26. dxc5 e3 27. Ne4 Bxb3 28. Qxb3 e2 29. Qe3 exf1=Q+ 30. Rxf1 Qe5 31. Re1 Rfe8 0-1

[Event "Kent Oliver mem"]
[Site "Winnipeg CAN"]
[Date "1998.01.03"]
[Round "2"]
[White "Khedkar, Jay"]
[Black "Kaptsan, Aron"]
[Result "0-1"]
[WhiteElo "1993"]
[BlackElo "2255"]
[PlyCount "54"]
[GameId "2160767911874103"]
[EventDate "1998.01.02"]
[EventType "swiss"]
[EventRounds "5"]
[EventCountry "CAN"]

1. e4 Nf6 2. e5 Nd5 3. d4 d6 4. Nf3 Nc6 5. Be2 Bg4 6. O-O e6 7. Re1 Be7 8. c4 Nb6 9. exd6 cxd6 10. Nbd2 O-O 11. b3 d5 12. c5 Nd7 13. Bb2 Bf6 14. Rc1 Rc8 15. h3 Bf5 16. Nf1 b6 17. Ba6 Rc7 18. cxb6 Nxb6 19. Ba3 Be7 20. Bxe7 Qxe7 21. Ne3 Be4 22. Ne5 Nb4 23. Qe2 Nxa6 24. Qxa6 Rfc8 25. Qf1 Qa3 26. Rxc7 Rxc7 27. Rc1 Rxc1 0-1

[Event "Kent Oliver mem"]
[Site "Winnipeg CAN"]
[Date "1998.01.03"]
[Round "2"]
[White "Langner, David"]
[Black "Agusti, Marcos"]
[Result "1-0"]
[WhiteElo "2258"]
[BlackElo "1604"]
[PlyCount "81"]
[GameId "2160767911874104"]
[EventDate "1998.01.02"]
[EventType "swiss"]
[EventRounds "5"]
[EventCountry "CAN"]

1. e4 e6 2. d4 d5 3. e5 c5 4. c3 Nc6 5. Nf3 Qb6 6. a3 c4 7. Nbd2 Na5 8. h4 Bd7 9. h5 h6 10. g3 Ne7 11. Bh3 O-O-O 12. Nh4 Nf5 13. Nxf5 exf5 14. Qf3 Be6 15. Bxf5 Be7 16. O-O Rhf8 17. Re1 Kb8 18. Rb1 g6 19. Bc2 g5 20. Qe2 Qc7 21. b3 Qd7 22. bxc4 dxc4 23. Be4 Rc8 24. Nf1 f5 25. exf6 Rxf6 26. Bg2 Bd6 27. Ne3 b6 28. Bd2 Rcf8 29. Rf1 Re8 30. a4 Bg4 31. Qxg4 Qf7 32. Nd5 Rfe6 33. Nb4 Kc7 34. Bd5 Nb3 35. Bxe6 Rxe6 36. Be3 Kb7 37. Nc2 Qe7 38. Qf3+ Kb8 39. Qd5 Re4 40. Qxc4 Na5 41. Qd5 1-0

[Event "Kent Oliver mem"]
[Site "Winnipeg CAN"]
[Date "1998.01.03"]
[Round "2"]
[White "Schulz, Waldemar"]
[Black "Gentes, Kevin"]
[Result "0-1"]
[WhiteElo "2023"]
[BlackElo "2368"]
[PlyCount "76"]
[GameId "2160767911874105"]
[EventDate "1998.01.02"]
[EventType "swiss"]
[EventRounds "5"]
[EventCountry "CAN"]

1. Nf3 d5 2. d4 e6 3. c4 c5 4. g3 cxd4 5. cxd5 exd5 6. Nxd4 Nc6 7. Bg2 Nf6 8. O-O Be7 9. Nc3 O-O 10. Bg5 h6 11. Bf4 Bg4 12. Qa4 Qd7 13. Rfd1 a6 14. Nxc6 bxc6 15. Rd2 Qe6 16. Rc1 Bh3 17. e4 Bxg2 18. Kxg2 dxe4 19. Re2 g5 20. Bc7 Rac8 21. Ba5 Qg4 22. Qc4 Qf5 23. Bb6 Rb8 24. Be3 h5 25. Rec2 h4 26. Qxa6 Qf3+ 27. Kg1 Rb5 28. Nxb5 h3 29. Kf1 Ng4 30. Qb6 cxb5 31. Qd4 Nxh2+ 32. Ke1 Ng4 33. Rc8 h2 34. Rxf8+ Bxf8 35. Kd2 h1=Q 36. Rxh1 Qxh1 37. Bxg5 Qf3 38. Be3 Qf5 0-1

[Event "Kent Oliver mem"]
[Site "Winnipeg CAN"]
[Date "1998.01.03"]
[Round "3"]
[White "Gentes, Kevin"]
[Black "Kaptsan, Aron"]
[Result "1-0"]
[WhiteElo "2368"]
[BlackElo "2255"]
[PlyCount "67"]
[GameId "2160767911874106"]
[EventDate "1998.01.02"]
[EventType "swiss"]
[EventRounds "5"]
[EventCountry "CAN"]

1. g3 e5 2. Bg2 d5 3. Nf3 Nc6 4. O-O Nf6 5. c4 dxc4 6. Qa4 Bd7 7. Qxc4 Bd6 8. d3 O-O 9. a3 Re8 10. Nbd2 Qe7 11. e3 Be6 12. Qc2 Bd5 13. e4 Be6 14. b4 a6 15. Bb2 Rad8 16. Rfe1 Bg4 17. h3 Bxf3 18. Nxf3 Bxb4 19. axb4 Nxb4 20. Qb1 Nxd3 21. Re3 Nxb2 22. Qxb2 c5 23. Qc2 Qd6 24. Rc3 Rc8 25. Rc1 b6 26. Bf1 a5 27. Bb5 Red8 28. Rd3 Qc7 29. Rcd1 Rxd3 30. Qxd3 h6 31. Qc4 Qe7 32. Nh4 Rd8 33. Rd3 Kh7 34. Nf5 1-0

[Event "Kent Oliver mem"]
[Site "Winnipeg CAN"]
[Date "1998.01.03"]
[Round "3"]
[White "Lauritson, Jim"]
[Black "Langner, David"]
[Result "0-1"]
[WhiteElo "2077"]
[BlackElo "2258"]
[PlyCount "80"]
[GameId "2160767911874107"]
[EventDate "1998.01.02"]
[EventType "swiss"]
[EventRounds "5"]
[EventCountry "CAN"]

1. e4 c5 2. Nf3 Nc6 3. d4 cxd4 4. Nxd4 e5 5. Nb5 d6 6. N1c3 a6 7. Na3 b5 8. Nd5 Nf6 9. Bg5 Be7 10. Bxf6 Bxf6 11. c3 O-O 12. Nc2 Rb8 13. b4 Bg5 14. Bd3 Ne7 15. Nce3 Nxd5 16. Nxd5 Be6 17. a4 Bxd5 18. exd5 e4 19. Be2 Qc7 20. c4 bxc4 21. Rb1 c3 22. Qc2 Bd2+ 23. Kd1 a5 24. b5 f5 25. Rf1 Qc5 26. Qb3 Qd4 27. Kc2 Rfc8 28. b6 Rb7 29. Qb5 Rcb8 30. Qc6 Bc1 31. Rd1 Qxf2 32. Kxc1 Qxe2 33. Qxc3 Qxg2 34. Rb2 Qg5+ 35. Kc2 Qd8 36. Kd2 Rxb6 37. Rdb1 Qg5+ 38. Kd1 Qg1+ 39. Kc2 Qxh2+ 40. Kc1 Rxb2 0-1

[Event "Kent Oliver mem"]
[Site "Winnipeg CAN"]
[Date "1998.01.03"]
[Round "3"]
[White "Prystenski, Arthur"]
[Black "Babb, Jeff"]
[Result "1-0"]
[WhiteElo "2176"]
[BlackElo "2257"]
[PlyCount "129"]
[GameId "2160767911874108"]
[EventDate "1998.01.02"]
[EventType "swiss"]
[EventRounds "5"]
[EventCountry "CAN"]

1. d4 Nf6 2. Nf3 b6 3. g3 Bb7 4. Bg2 e6 5. O-O Be7 6. Nbd2 c5 7. dxc5 bxc5 8. c4 O-O 9. b3 Nc6 10. Bb2 Qb6 11. Qc2 a5 12. Rfd1 a4 13. Ng5 g6 14. bxa4 h6 15. Nge4 Nxe4 16. Nxe4 f5 17. Rxd7 fxe4 18. Qxe4 Qxb2 19. Qxg6+ Qg7 20. Qxg7+ Kxg7 21. Rxb7 Rfc8 22. Bxc6 Rxc6 23. Rxe7+ Kf6 24. Rh7 Kg6 25. Rb7 Rxa4 26. Rb2 Rxc4 27. a4 Rd4 28. a5 Rdd6 29. Rc2 Rd7 30. Ra4 Ra7 31. Kg2 Kf6 32. Kf3 Ke5 33. Ke3 Kd6 34. Kd3 Rca6 35. Rca2 Kc6 36. Rh4 Rxa5 37. Rxa5 Rxa5 38. Rxh6 Ra3+ 39. Kc4 Ra4+ 40. Kb3 Rb4+ 41. Kc3 Kd5 42. Rh5+ Kd6 43. h4 Ra4 44. Rh8 Ra2 45. Rd8+ Ke5 46. Rd2 Ra4 47. Rd3 Kf5 48. Rf3+ Ke5 49. Re3+ Kd5 50. h5 Rc4+ 51. Kd2 Rg4 52. f4 Kd4 53. h6 Rg6 54. h7 Rh6 55. Rxe6 Rxh7 56. g4 Rh4 57. g5 Rh2 58. g6 Rg2 59. f5 c4 60. Re8 c3+ 61. Kc2 Kc4 62. f6 Rxg6 63. f7 Ra6 64. Rc8+ Kd4 65. f8=Q 1-0

[Event "Kent Oliver mem"]
[Site "Winnipeg CAN"]
[Date "1998.01.03"]
[Round "3"]
[White "Schulz, Manfred"]
[Black "Gannon, Keith"]
[Result "1-0"]
[WhiteElo "2011"]
[BlackElo "1663"]
[PlyCount "79"]
[GameId "2160767911874109"]
[EventDate "1998.01.02"]
[EventType "swiss"]
[EventRounds "5"]
[EventCountry "CAN"]

1. e4 c5 2. Nf3 d6 3. d4 cxd4 4. Nxd4 Nf6 5. Nc3 g6 6. Bc4 Bg7 7. O-O O-O 8. Bb3 Nc6 9. Re1 Nxd4 10. Qxd4 Bd7 11. Bg5 Bc6 12. Qd2 Re8 13. Rad1 a6 14. Nd5 Nxd5 15. exd5 Bd7 16. c3 Bf5 17. Qf4 Qc7 18. Qh4 f6 19. Be3 g5 20. Qg3 h6 21. Bd4 Bg6 22. h4 Rad8 23. hxg5 hxg5 24. Rd2 Bf5 25. Rde2 Qd7 26. Re3 Kf7 27. Re6 Kg6 28. R6e3 Bh6 29. f4 Qc7 30. Kf2 Qd7 31. Rh1 e5 32. dxe6 Bxe6 33. Bxe6 Rxe6 34. Qh3 Rxe3 35. Qxh6+ Kf5 36. Qxf6+ Ke4 37. Bxe3 gxf4 38. Qxf4+ Kd5 39. Rh5+ Kc6 40. Qc4# 1-0

[Event "Kent Oliver mem"]
[Site "Winnipeg CAN"]
[Date "1998.01.04"]
[Round "4"]
[White "Gentes, Kevin"]
[Black "Prystenski, Arthur"]
[Result "1-0"]
[WhiteElo "2368"]
[BlackElo "2176"]
[PlyCount "65"]
[GameId "2160767911874110"]
[EventDate "1998.01.02"]
[EventType "swiss"]
[EventRounds "5"]
[EventCountry "CAN"]

1. g3 d5 2. Bg2 e6 3. Nf3 Nf6 4. O-O Be7 5. c4 O-O 6. d4 Ne4 7. b3 Nd7 8. Qc2 c6 9. e3 f5 10. Ba3 Bxa3 11. Nxa3 g5 12. Qb2 g4 13. Ne1 Rf6 14. f3 Ng5 15. fxg4 fxg4 16. Nd3 Nf7 17. Qe2 h5 18. Nf4 Rh6 19. Nc2 Qe7 20. e4 dxc4 21. bxc4 e5 22. Nd3 exd4 23. Nxd4 Nde5 24. Nf5 Bxf5 25. Rxf5 Rd8 26. Nxe5 Nxe5 27. Qe3 Rg6 28. Rxh5 Rd3 29. Qxa7 Nxc4 30. Bf1 Rc3 31. Bxc4+ Rxc4 32. Qb8+ Qf8 33. Rh8+ 1-0